Inazuma Eleven Personnages par Images - Statistiques

Statistiques générales
  • Ce quiz a été pris 510 fois
  • Le résultat moyen est 63 sur 500
Statistiques - réponses
Par images Réponse % Correct
Mark Evans
99%
Axel Blaze
95%
Kevin Dragonfly
95%
Jude Sharp
94%
Jack Wallside
93%
Nathan Swift
93%
Shawn Froste
92%
Tod Ironside
90%
Erik Eagle
89%
Bobby Shearer
88%
Xavier Foster "Xene"
88%
Byron Love "Aphrodite"
87%
Darren LaChance
84%
Nelly Raimon
82%
Scott "Scotty" Banyan
81%
Austin Hobbes
80%
Caleb Stonewall
80%
William "Willy" Glass
80%
Jordan Greenway "Janus"
79%
Celia Hills
78%
Sam Kincaid
76%
David Samford
75%
Hurley Kane
75%
Victoria "Tori" Vanguard
75%
Seymour Hillman
74%
Thor Stoutberg
74%
Maxwell "Max" Carson
73%
Archer Hawkins
72%
Silvia Woods
72%
Tim "Timmy" Saunders
71%
Jim Wraith
70%
Ray Dark / Mister D
70%
Shadow Cimmerian
70%
Steve Grim
70%
Suzette "Sue" Hartland
68%
Camellia Travis
61%
Joseph "Joe" King
61%
Percival Travis
60%
Julia Blaze
56%
Aquilina "Lina" Schiller
54%
Claude Beacons "Torch"
54%
Sonny Raimon
54%
Paolo Bianchi
53%
Chester Horse Junior
51%
Dave Quagmire "Dvalin"
51%
David Evans / Arrows
50%
Hector Hélio
50%
Edgar Partinus
44%
Isabelle Trick "Bellatrix"
43%
M. Veteran
43%
Thiago Torres
43%
Aiden Froste
41%
Mac Robingo
41%
Isaac Glass
38%
Marvin Murdock
38%
Paul Siddon "Poséidon"
38%
Xavier Schiller
38%
Bryce Whitingale "Fox"
37%
Gregory Smith
37%
Hidetoshi "Hide" Nakata
36%
Demonio Strada / Julio Acuto
35%
Mark Krueger
34%
Malcolm Night
33%
Thomas Feldt
33%
Johan Tassman "Talisman"
32%
Karl Kappa
31%
Thomas Murdock
31%
Tyler Murdock
31%
Chester Horse Senior
30%
Nelson Rockwell "Nero"
30%
Dylan Keats
29%
Adrian Speed "Guépard"
27%
Harry Snake "Serpent"
27%
Jonas Démétrius "Déméter"
27%
Neil Turner
27%
Sael
27%
Astram Schiller
26%
Changsu Choi
25%
Frank Wintersea
25%
Zoolan Rice
25%
Destra
24%
Hugo Tallgeese "Coq"
24%
Steve Eagle "Aigle"
24%
Gary Lancaster "Gorille"
23%
Gigi Blasi
23%
Bruce Monkey "Singe"
22%
Daniel Hatch
22%
Henry House "Héra"
22%
Phil A. Minion
22%
Wilson Fishman "Poisson"
22%
Angelo Gabrini
21%
Cadence Soundtown
21%
Miles Ryan
21%
Zeke Valanche "Zell"
20%
Leonard O'Shea "Lion"
19%
Bilal Kalil
18%
Cham Lion "Caméléon"
18%
Lane War "Arès"
18%
Maddie Moonlight
18%
Arion Matlock "Hermès"
17%
Artie Mishman "Artémis"
17%
Ethan Whitering "Heat"
17%
Gus Martin
17%
Stewart Vanguard
17%
Wesley Knox "Athéna"
17%
Apollo Light "Apollon"
16%
Drago Hill
16%
Tom Dark
16%
Troy Moon "Loup"
16%
Carrie McCuring "Mercury"
15%
Sail Bluesea "Flèche"
15%
Danny Wood "Dionysos"
14%
Dolph Hensen "Dauphin"
14%
Jeff Iron "Héphaïstos"
14%
George Firewill
13%
Nathan Jones "Masque"
13%
Nigel August "Neppten"
13%
Robert Mayer "Momie"
13%
Walter Mountain
13%
Alan Master
12%
Charlie Boardfield "Sanglier"
12%
Mark Gambling "Mangaka"
12%
Wilbur Watkins "Wittz"
12%
Ben North "Beluga"
11%
Derek Swing
11%
John Bloom
11%
Lucy Hailstone "Icer"
11%
Ben Blowton "Bomber"
10%
Dylan Bluemoon "Diam"
10%
Gareth Flare
10%
Gordon Star "Galileo"
10%
Zephyr Vitesse
10%
Jerry Fulton "Zombie"
9%
Maximino Cruz
9%
Zack Cummings "Zohen"
9%
Albert Denver "Gocker"
8%
Claire Lesnow "Clear"
8%
Grant Cook "Grent"
8%
Kim Powell "Kiburn"
8%
Peter Johnson "Crapaud"
8%
Ronny Metcalf "Metron"
8%
Albert Green "Greeny"
7%
Astaroth
7%
Carlos Lagarto
7%
Grant Icewater "Ganymede"
7%
Katie Brown "Kiwill"
7%
Keenan DiFortune
7%
Leone Balone
7%
Light Nobel "Roman"
7%
Lou Edmonds
7%
Nasir Mustafa
7%
Pat Box "Pandora"
7%
Peter Drent
7%
Sharon Evans
7%
Thanatos
7%
Víctor García
7%
Ving Rice "Rhine"
7%
Ashton Malone "Ark"
6%
Ben Simmons
6%
Burt Wolf "Canine"
6%
Dawson Foxx "Droll"
6%
Gaiel
6%
Harry Evans
6%
Jonathan Luckyman
6%
Justin Finch
6%
Karen Ripton "Krypto"
6%
Lacey
6%
Madame Hartland
6%
Morgan Sanders "Capuche"
6%
Sue Sparrow
6%
Alan Downhill "Arkew"
5%
Alexander Brave "Tombeau"
5%
Anna Mole "Mole"
5%
Bonnie Sparks "Baller"
5%
Brenda Firequest "Lean"
5%
Connor Murray "Kormer"
5%
Connor Shuttle "Coral"
5%
Constant Builder
5%
Crane Kik
5%
Daisy Fields
5%
Denzel Freezer "Frost"
5%
Dora Delight
5%
Falcão Da Silva
5%
Gail Baker "Gele"
5%
Godric Wyles
5%
Gregory Saturn "Grengo"
5%
Herman Waldon
5%
Izzy Jupiter "Io"
5%
Joe Dawes "Requin"
5%
Ken Furan "Franky"
5%
Luca
5%
Mads Hatter "Fedora"
5%
Rachel
5%
Anorel
4%
Arthur Sweet
4%
Bael
4%
Billy Dash
4%
Charles Island
4%
Charles Riverboat "Charon"
4%
Craven Kenville "Kenville"
4%
Cyril Fox "Renard"
4%
Dante Diavolo
4%
Dirk Artz
4%
Gabriel Jax
4%
Gato Carvalho
4%
Hunt Mercer "Hauser"
4%
Jason Jones "Lugubre"
4%
Jez Shell "Étoile"
4%
Jim Landing "Gigs"
4%
John Neville
4%
Joseph Yosemite "Mélomane"
4%
Lily Willow
4%
Mark Hillvalley
4%
Marshall Artz
4%
Nacho Ortega
4%
Peter Mildred "Butler"
4%
Ray Mannings "Machabée"
4%
Rhona Countdown "Rihm"
4%
Ricky Clover
4%
Riley Jamm
4%
Russel Walk "Styx"
4%
Sam Idol "Idole"
4%
Sam Samurai "Samouraï"
4%
Spencer Gates "Cosplay"
4%
Tom Walters "Roast"
4%
Walter Valiant "Héros"
4%
Yakker Plantsworm "Sworm"
4%
Arnold Horrel
3%
Avinash Chowdhury "Coyote"
3%
A. Woodbridge "Robot"
3%
Behemoth
3%
Bernie White "Blown"
3%
Blade Healen
3%
Brad Coldwater "Balen"
3%
Cameron Morefield
3%
Cannon Random
3%
Chris Tytan "Tytan"
3%
Diego Oro
3%
Enyong Kim
3%
Eton Messer
3%
Felix Crowe
3%
Finn Stoned "Bandit"
3%
Freddy McQueen
3%
Galen Thunderbird "Tonnerre"
3%
Gianluca Zanardi
3%
Gus Gamer "Gamer"
3%
Hank Sullivan "Katana"
3%
Hans Randall
3%
Herman Muller
3%
Ian Ferrum
3%
Ian Smith
3%
Jamie Cool
3%
Jim Hillfort "Citadelle"
3%
Joe Poker
3%
Joe Small "Milky"
3%
Jonah Spark
3%
Jonathan Seller
3%
Jupiter Jumper "Acrobate"
3%
Kayson Wattever "Kayson"
3%
Keth Claus
3%
Lee Bamboo
3%
Leonardo Almeida
3%
Li Leung
3%
Marcus Train "Train"
3%
Michele Roserati
3%
Mr. Savage
3%
Nenel
3%
Newton Thomas
3%
Parry Waxon
3%
Philip Marvel
3%
Phil Wingate "Code"
3%
Rocky Black
3%
Roseo Diamante
3%
Sammy Igajima
3%
Topher Groin
3%
Tyke Wando
3%
Wenel
3%
Adam Ropes
2%
Alexia Sand
2%
Bela Bluebells
2%
Brendan Water
2%
Bri Spark
2%
Bruce Chaney
2%
Buddy Plains "Buffle"
2%
Donovan Lardy
2%
Esther Greenland
2%
Francis Tell
2%
Gaby Farmer "Ordi"
2%
Garret Hairtown
2%
Gene Whalon "Cachalot"
2%
Greg Bernard
2%
Hamilton Reith "Récif"
2%
Hellen Hearth
2%
Herb Sherman
2%
Hillary Bush
2%
Holly Mirror
2%
Ian Telektual
2%
Izzy Island
2%
Jang Cho
2%
Jim Flareson "Sidern"
2%
Joaquine Downtown
2%
Joe Ingram
2%
Joe Kenneddy
2%
Josh Spear "Réseau"
2%
Ken Ironwall
2%
Lance Ralton
2%
Lephiel
2%
Malphas
2%
Manny Artic
2%
Mary Moor
2%
Matt Fischer "Pêcheur"
2%
Max Fortune
2%
Maxtor Lunde
2%
Michael Riverside
2%
Natalie Sunrise
2%
Newton Flust "Sniper"
2%
Niccolò Mantegna "Mante"
2%
Noel Good
2%
Nuel
2%
Orville Newman "Spray"
2%
Patrick Greene
2%
Philip Arwen
2%
Raffaele Generani
2%
Rose Pinkpetal
2%
Rowan Beltzer
2%
Sam Bournes "Bountine"
2%
Samuel Buster
2%
Sean Snowfield
2%
Sedgley Scofield "Scorpion"
2%
Seth Hedges "Hérisson"
2%
Seth Nichols
2%
Sothern Newman
2%
Spencer Duskplay
2%
Stuart Racoonfur "Muffs"
2%
Taylor Firepool
2%
Taylor Higgins
2%
Terry Stronger
2%
Theodore Master "Arcade"
2%
Toby Damian
2%
Tyler Thomas "Tailleur"
2%
Victor Kind
2%
York Nashmith
2%
Zachary Moore
2%
Zack Abdulla
2%
Agor
1%
Alessio Turchese
1%
Alfonso Íñigo
1%
Alfred Meenan
1%
Anton Grazioso
1%
Arakuné
1%
Azzurro Zaffiro
1%
Barack Daniels "Barracuda"
1%
Belial
1%
Bianco Perla
1%
Borboleta Barboza
1%
Cecil Crowley "Hibou"
1%
Damien Crawford "Corneille"
1%
Daniel Dawson
1%
Daniele Santini
1%
Dan Mirthful
1%
Dany Destiny
1%
David Buckingham "Bucking."
1%
David Waterman "Océan"
1%
Dean Goddard "Dingo"
1%
Derek Rabson "Crabe"
1%
Doyo Hong
1%
Drancis Fake
1%
Eddie Howard / Norbert Poindexter
1%
Edward Gladstone
1%
Ekadel
1%
Eliza Manon
1%
Eric Purpleton "Purpl."
1%
Galo Topazio
1%
Hank Tennyson "Surfeur"
1%
Harry Leading
1%
Hector Redding
1%
Hide Jekyll
1%
Holly Summers "Espadon"
1%
Ian Suffolk
1%
Ientel
1%
I Jinson
1%
Ike Steiner "Mother"
1%
Indigo Lazuli
1%
Irwin Hall
1%
Jacques Allemand "Chacal"
1%
Jimi Gaines
1%
José López
1%
Josh Nathaniel
1%
Joston Easton
1%
Junior Fardream
1%
Keith Ryan
1%
Ken Crackham "Kraken"
1%
Kent Work
1%
Kjell Snapper "Tortue"
1%
Lee Dinglite
1%
Levin Murdoch
1%
Louis Leave
1%
Mackenzie Fordline
1%
Majdi Ismail
1%
Marge Fielding
1%
Mateo Bonachea
1%
Maurice Badgame
1%
M. Balding
1%
Mildford Scott
1%
Minho Cho
1%
Miquel Ros
1%
Nero Agata
1%
Otto Nobili
1%
Pekyong Park
1%
Quentin Rackner
1%
Quint Hampton
1%
Ramón Martínez
1%
Robert Silver
1%
Roland Climbstein
1%
Rosso Granato
1%
Sakinel
1%
Sean Ashford "Seats"
1%
Sergio López
1%
Seward Hayseed
1%
Shane Pierce
1%
Shawn Princeton "Crevette"
1%
Songwan Ko
1%
Sonny Shore "Plage"
1%
Spring Millpond
1%
Tae Hobbes
1%
Timothy Western
1%
Tom Contented
1%
Turtle Newfield
1%
Tyron Rock
1%
Ulric Richmen
1%
Umi Wang
1%
Val Flamewood "Balcke"
1%
Vento Galliano
1%
Verdio Smeraldo
1%
Victor Hills
1%
Violetto Amatista
1%
Wallace Hammond
1%
Yasir Haddad
1%
Aaron Adams
0%
Alessandro Rossa
0%
Antonio Bagre
0%
Antonio Garrido
0%
Borba
0%
Borja Costa
0%
Chad Taylor
0%
Coruja Cerezo
0%
Daniel Stavín / Danieru Sutâbin
0%
Drake Dynamo
0%
Edge Ripper
0%
Enrico Oconti
0%
Enrique Caroso
0%
Faraz Farooq
0%
Felipe Palacios
0%
Formiga Clemens
0%
Gary Mane
0%
Genel
0%
Giacomo Yani
0%
Giuseppe Carnivale
0%
Gorja
0%
Igor Ferreira
0%
Jamila Wali
0%
Jason Strike
0%
Joan Rodríguez
0%
Jonny Gascon "Gazzer"
0%
José Costa
0%
Kendall Sefton
0%
Kerry Bootgaiter
0%
Leon Sams
0%
Leroy Rhymes
0%
Mack Scride
0%
Maddox Rock
0%
Mansur Jasim
0%
Marshall Firsthand
0%
Martin Squall
0%
Maxwell Claus
0%
Mick Mishap
0%
Miguel Jiménez
0%
Miguel Pereira
0%
Mikey Richards
0%
Milton Bindings
0%
Monstro Ximenes
0%
Musa Sylla
0%
Nick Woodgate
0%
Norman Porter
0%
Pablo Castiglione
0%
Paul Appleton
0%
Peter Coole
0%
Presa Passos
0%
Robert Cliser
0%
Roberto Torinni
0%
Robert Skipolson
0%
Sayid Armand
0%
Sean Pounding
0%
Shirley Stevens
0%
Spike Gleeson
0%
Steve Woodmark
0%
Sulayk Sulaiman
0%
Ted Bryan
0%
Tony Strider
0%
Yusuf Massoud
0%
Aucun quiz correspondant
Distribution des résultats
% des personnes avec chaque résultat
Percentile par nombre de réponses
Votre historique - résultats
Vous n’avez pas pris ce quiz